Estudio de factibilidad para el desarrollo de software para la enseñanza de matemáticas en primaria y secundaria
Presenta la viabilidad de desarrollar una herramienta de software interactiva que sirva de apoyo a estudiantes de primaria y secundaria en el aprendizaje de la materia de matemáticas. Muestra un estudio técnico definiendo los materiales, equipos y recursos necesarios para el proyecto así como el...
| Main Authors: | , |
|---|---|
| Other Authors: | |
| Format: | Tesis Section = Libro |
| Language: | Undetermined Spanish |
| Published: |
Managua
UNI
2010
|
| Subjects: |
| LEADER | 01252nam a2200253Ia 4500 | ||
|---|---|---|---|
| 008 | 240830s9999 xx 000 0 und d | ||
| 040 | |a BIBLIOTECA-RUSB/ T.Mon 658.404 V651 | ||
| 041 | |a spa | ||
| 082 | |a T.Mon 658.404 V651 | ||
| 100 | 1 | |a Vidaurre Hueck, Víctor | |
| 100 | 1 | |b Aguirre Aquino, Arlen | |
| 245 | 1 | 0 | |a Estudio de factibilidad para el desarrollo de software para la enseñanza de matemáticas en primaria y secundaria |
| 260 | |a Managua |b UNI |c 2010 | ||
| 300 | |a 45 p. :il. | ||
| 502 | |a Tesis (Ingeniero en Computación) - UNI, 2010. | ||
| 520 | 3 | |a Presenta la viabilidad de desarrollar una herramienta de software interactiva que sirva de apoyo a estudiantes de primaria y secundaria en el aprendizaje de la materia de matemáticas. Muestra un estudio técnico definiendo los materiales, equipos y recursos necesarios para el proyecto así como el personal y el proceso por medio del cual se desarrollará la herramienta. | |
| 650 | 7 | |a ELABORACIÓN DE PROYECTOS - ENSEÑANZA CON AYUDA DE COMPUTADORES | |
| 650 | 7 | |b ESTUDIO DE FACTIBILIDAD | |
| 650 | 7 | |c ESTUDIO DE MERCADO | |
| 650 | 7 | |d EVALUACIÓN DE PROYECTOS | |
| 700 | 1 | |a Tutor: |b Dalla-Torre Parrales, Cedrick Elksnher | |
| 942 | |c BK |2 ddc | ||
| 991 | |a TESIS | ||
| 999 | |c 21914 | ||